| 000 | 02074cam a22004814i 4500 | ||
|---|---|---|---|
| 003 | PE-LiUPU | ||
| 005 | 20251029180213.0 | ||
| 008 | 251029b |||||||| |||| 00| 0 spa d | ||
| 020 | _a9786071524300 | ||
| 040 |
_aPE-LiUPU _bspa _cPE-LiUPU _erda _dPE-LiUPU |
||
| 049 | _aPRUA | ||
| 082 | 0 | 4 |
_a001.42 _bH557f _223 |
| 100 | 1 |
_aHernández Sampieri, Roberto, _eautor. |
|
| 245 | 1 | 0 |
_aFundamentos de investigación / _cRoberto Hernández Sampieri, Sergio Méndez Valencia, Christian Paulina Mendoza Torres y Ana Cuevas Romo. |
| 250 | _aSegunda edición. | ||
| 264 | 1 |
_aMéxico : _bMcGraw-Hill Interamericana, _c2025. |
|
| 300 |
_a275 páginas : _bilustraciones, cuadros ; _c27 cm |
||
| 336 |
_atext _2rdacontent |
||
| 337 |
_aunmediated _2rdamedia |
||
| 338 |
_avolume _2rdacarrier |
||
| 504 | _aIncluye referencias bibliográficas, páginas 253-265 | ||
| 505 | _aEl papel de la investigación en el desarrollo profesional -- La investigación científica y el desarrollo tecnológico -- La idea. El nacimiento de un proyecto de investigación -- El planteamiento del problema de investigación: objetivos y preguntas de investigación, justificación y viabilidad del estudio -- Elaboración del marco teórico -- Definición del alcance de la investigación y formulación de la hipótesis de estudio -- Concepción o elección del diseño de investigación -- Selección de la muestra -- Recolección de datos -- Análisis de datos -- Elaboración del reporte de resultados. | ||
| 526 | _aSEG44 | ||
| 526 | _aSEG26 | ||
| 526 | _aP151 | ||
| 526 | _aP150 | ||
| 526 | _aP149 | ||
| 526 | _aP146 | ||
| 526 | _aP145 | ||
| 526 | _aP126 | ||
| 526 | _aP125 | ||
| 526 | _aP92 | ||
| 526 | _aP75 | ||
| 526 | _aP74 | ||
| 526 | _aP27 | ||
| 526 | _aP15 | ||
| 650 | 1 | 4 |
_aInvestigación _xMetodología _vFundamentos. |
| 700 |
_aMéndez Valencia, Sergio, _eautor. _97594 |
||
| 700 |
_aMendoza Torres, Christian Paulina, _eautora. _97595 |
||
| 700 |
_aCuevas Romo, Ana, _eautora. _97596 |
||
| 942 |
_2ddc _cBK |
||
| 999 |
_c63155 _d63154 |
||
| 980 |
_618226 _aJaime Vilcazán Jefe de Análisis Documental _818226 _gJaime Vilcazán Jefe de Análisis Documental |
||